[Event "SRB-chT (Women) Div1"]
[Site "Senta"]
[Date "2023.10.19"]
[Round "10.3"]
[White "Bojicic, Andjela"]
[Black "Bokan, Jelena"]
[Result "1-0"]
[WhiteElo "2066"]
[BlackElo "1881"]
[PlyCount "69"]
[EventDate "2023.10.10"]
[EventType "team-tourn"]
[EventRounds "11"]
[EventCountry "SRB"]
[SourceTitle "Mega2024 Update 01"]
[Source "Chessbase"]
[SourceDate "2023.11.12"]
[SourceVersion "1"]
[SourceVersionDate "2023.11.12"]
[SourceQuality "1"]
[WhiteTeam "Kac Jugovic (W)"]
[BlackTeam "Novi Sad Sah Kruzok (W)"]
[WhiteTeamCountry "SRB"]
[BlackTeamCountry "SRB"]

1. d4 Nf6 2. c4 g6 3. Nc3 Bg7 4. e4 d6 5. f3 0-0 6. Be3 e5 7. d5 c6 8. Qd2 cxd5 9. cxd5 Nh5 10. Bd3 f5 11. Nge2 a6 12. exf5 gxf5 13. 0-0 Qe8 14. f4 Nd7 15. Rae1 Kh8 16. fxe5 Nxe5 17. Nf4 Nxf4 18. Bxf4 Qh5 19. Ne2 Bd7 20. Ng3 Qg6 21. Be2 Qe8 22. Nh5 Rf7 23. Bg5 Qf8 24. Rf2 Rc8 25. Nxg7 Qxg7 26. Bh5 Ng4 27. Bxf7 Nxf2 28. Kxf2 Qxf7 29. Re7 Qg6 30. Rxd7 f4 31. Rd8+ Rxd8 32. Bxd8 Qg4 33. Qe2 Qf5 34. Qe8+ Kg7 35. Qe7+ 1-0

[Event "SRB-chT (Women) Div1"]
[Site "Senta"]
[Date "2023.10.16"]
[Round "7.4"]
[White "Bojicic, Andjela"]
[Black "Vuckovic, Lidija"]
[Result "1-0"]
[WhiteElo "2066"]
[BlackElo "1833"]
[PlyCount "98"]
[EventDate "2023.10.10"]
[EventType "team-tourn"]
[EventRounds "11"]
[EventCountry "SRB"]
[SourceTitle "Mega2024 Update 01"]
[Source "Chessbase"]
[SourceDate "2023.11.12"]
[SourceVersion "1"]
[SourceVersionDate "2023.11.12"]
[SourceQuality "1"]
[WhiteTeam "Kac Jugovic (W)"]
[BlackTeam "Nova Varos Zlatar (W)"]
[WhiteTeamCountry "SRB"]
[BlackTeamCountry "SRB"]

1. d4 Nf6 2. c4 c5 3. d5 e6 4. Nc3 exd5 5. cxd5 d6 6. Nf3 g6 7. Bf4 a6 8. a4 Bg7 9. e3 0-0 10. h3 Qe7 11. Bd3 Nbd7 12. 0-0 Nh5 13. Bh2 f5 14. Re1 Ne5 15. Nxe5 Bxe5 16. Bxe5 Qxe5 17. f4 Qg7 18. Rb1 Rb8 19. Be2 Nf6 20. Qd2 Re8 21. b4 cxb4 22. Rxb4 Qc7 23. Rc1 Qc5 24. Rd4 Qa5 25. Rb1 Bd7 26. Rc4 b5 27. axb5 Bxb5 28. Rcb4 Ne4 29. Nxe4 Rxe4 30. Bd3 Rxb4 31. Qxb4 Qb6 32. Kh2 Kf7 33. Qd2 Re8 34. Bxb5 axb5 35. Rb3 Re4 36. Qc3 Re8 37. Qb2 Rb8 38. Rc3 b4 39. Rc6 Qxe3 40. Rc7+ Qe7 41. Rxe7+ Kxe7 42. Qb3 h6 43. g4 fxg4 44. hxg4 g5 45. f5 Kf6 46. Qe3 b3 47. Qe6+ Kg7 48. Qe7+ Kg8 49. f6 Rf8 1-0

[Event "SRB-chT (Women) Div1"]
[Site "Senta"]
[Date "2023.10.11"]
[Round "2.4"]
[White "Bojicic, Andjela"]
[Black "Blagojevic, Tijana"]
[Result "1/2-1/2"]
[WhiteElo "2066"]
[BlackElo "2164"]
[PlyCount "36"]
[EventDate "2023.10.10"]
[EventType "team-tourn"]
[EventRounds "11"]
[EventCountry "SRB"]
[SourceTitle "Mega2024 Update 01"]
[Source "Chessbase"]
[SourceDate "2023.11.12"]
[SourceVersion "1"]
[SourceVersionDate "2023.11.12"]
[SourceQuality "1"]
[WhiteTeam "Kac Jugovic (W)"]
[BlackTeam "Sremska Mitrovica Sirmium (W)"]
[WhiteTeamCountry "SRB"]
[BlackTeamCountry "SRB"]

1. d4 Nf6 2. c4 e6 3. Nc3 Bb4 4. Bd2 c5 5. e3 cxd4 6. exd4 d5 7. Nf3 Nc6 8. cxd5 Nxd5 9. Bd3 Be7 10. 0-0 0-0 11. Qe2 Nf6 12. Ne4 Nxe4 13. Qxe4 f5 14. Qe2 Nxd4 15. Nxd4 Qxd4 16. Bc3 Qg4 17. f3 Qg6 18. Bc4 Bd7 1/2-1/2

[Event "SRB-chT (Women) Div1"]
[Site "Senta"]
[Date "2023.10.10"]
[Round "1.4"]
[White "Milutinovic, Stefana"]
[Black "Bojicic, Andjela"]
[Result "1/2-1/2"]
[WhiteElo "2117"]
[BlackElo "2066"]
[PlyCount "68"]
[EventDate "2023.10.10"]
[EventType "team-tourn"]
[EventRounds "11"]
[EventCountry "SRB"]
[SourceTitle "Mega2024 Update 01"]
[Source "Chessbase"]
[SourceDate "2023.11.12"]
[SourceVersion "1"]
[SourceVersionDate "2023.11.12"]
[SourceQuality "1"]
[WhiteTeam "Belgrade Rad (W)"]
[BlackTeam "Kac Jugovic (W)"]
[WhiteTeamCountry "SRB"]
[BlackTeamCountry "SRB"]

1. e4 d6 2. d4 Nf6 3. Nc3 g6 4. Be3 a6 5. f3 b5 6. g4 Nbd7 7. a4 b4 8. Nce2 Bb7 9. h4 c5 10. h5 gxh5 11. g5 Ng8 12. Ng3 Qc7 13. Nxh5 0-0-0 14. a5 Kb8 15. Bc4 e5 16. dxc5 d5 17. Bxd5 Bxc5 18. Bxb7 Kxb7 19. Qd5+ Qc6 20. Bxc5 Qxd5 21. exd5 Nxc5 22. 0-0-0 Ne7 23. Nf6 Nf5 24. Re1 b3 25. Rxe5 bxc2 26. Rxf5 Nb3+ 27. Kxc2 Nd4+ 28. Kd3 Nxf5 29. Ne2 h6 30. Ke4 Nd6+ 31. Ke5 Nc4+ 32. Kd4 Nd6 33. Ke5 Nc4+ 34. Kd4 Nd6 1/2-1/2

[Event "Gligoric Cup (Women) 9th"]
[Site "Paracin"]
[Date "2023.05.18"]
[Round "4.13"]
[White "Bojicic, Andjela"]
[Black "Ilic, Zvezdana"]
[Result "1/2-1/2"]
[WhiteElo "2111"]
[BlackElo "1675"]
[PlyCount "57"]
[EventDate "2023.05.16"]
[EventType "team-swiss"]
[EventRounds "5"]
[EventCountry "SRB"]
[SourceTitle "CBM 215 Extra"]
[Source "ChessBase"]
[SourceDate "2023.09.30"]
[SourceVersion "1"]
[SourceVersionDate "2023.09.30"]
[SourceQuality "1"]
[WhiteTeam "Kac Jugovic (W)"]
[BlackTeam "Belgrade Vitez (W)"]
[WhiteTeamCountry "SRB"]
[BlackTeamCountry "SRB"]

1. d4 d5 2. c4 c6 3. cxd5 cxd5 4. Nc3 Nf6 5. Bf4 Nc6 6. e3 a6 7. Bd3 Bg4 8. f3 Bc8 9. Nge2 e6 10. Rc1 Bd6 11. 0-0 0-0 12. Bg5 h6 13. Bh4 Be7 14. Bb1 Nh5 15. Bf2 Bh4 16. g3 Be7 17. Na4 g6 18. Nc5 Na5 19. Bd3 b6 20. Nb3 Bd7 21. g4 Ng7 22. Bg3 Nc6 23. Nf4 Bg5 24. Ng2 f5 25. Qe1 Bf6 26. a3 e5 27. dxe5 Nxe5 28. Bxe5 Bxe5 29. Qe2 1/2-1/2

[Event "SRB-chT (Women)"]
[Site "Custica"]
[Date "2022.10.31"]
[Round "10.5"]
[White "Radenkovic, Mila"]
[Black "Bojicic, Andjela"]
[Result "0-1"]
[WhiteElo "1783"]
[BlackElo "2117"]
[PlyCount "146"]
[EventDate "2022.10.22"]
[EventType "team-tourn"]
[EventRounds "11"]
[EventCountry "SRB"]
[SourceTitle "EXT 2024"]
[Source "ChessBase"]
[SourceDate "2023.10.10"]
[SourceVersion "1"]
[SourceVersionDate "2023.10.10"]
[SourceQuality "1"]
[WhiteTeam "Novi Banovci (W)"]
[BlackTeam "Kac Jugovic (W)"]
[WhiteTeamCountry "SRB"]
[BlackTeamCountry "SRB"]

1. e4 g6 2. d4 Bg7 3. Nc3 d6 4. Be3 Nf6 5. f3 0-0 6. Qd2 h5 7. 0-0-0 c6 8. Nh3 b5 9. Nf2 Qa5 10. Bh6 b4 11. Nb1 e5 12. Bxg7 Kxg7 13. h4 Be6 14. a3 c5 15. d5 Bd7 16. b3 Qc7 17. a4 c4 18. Bxc4 Bxa4 19. Qxb4 Bd7 20. Nd3 a5 21. Qc3 Rc8 22. Nb2 Qb6 23. Na4 Qa7 24. Qd3 Qb7 25. Nbc3 Qb4 26. Nb5 Rxc4 27. Qxc4 Bxb5 28. Qxb4 axb4 29. Kb2 Nbd7 30. Ra1 Rb8 31. Kc1 Ne8 32. Nb2 Rb7 33. Kd2 Nc5 34. Ra8 f5 35. exf5 gxf5 36. Rha1 Nf6 37. R1a7 Nxd5 38. Rxb7+ Nxb7 39. Ra7 Bc6 40. Nc4 Kf6 41. Ra6 Ne7 42. Nb2 Ke6 43. Rb6 Kd7 44. Nc4 Kc7 45. Ra6 Ng6 46. g4 Bxf3 47. gxf5 Nxh4 48. f6 Kd7 49. Ra7 Ke6 50. f7 Ng6 51. Ke3 Bd5 52. Nb6 Bc6 53. Nc4 d5 54. Ra6 Nd8 55. Na5 Kd6 56. c4 bxc3 57. b4 Kc7 58. Ra7+ Kd6 59. Ra6 d4+ 60. Ke2 Kc7 61. Ra7+ Kb6 62. Nxc6 Kxc6 63. Ra6+ Kd7 64. Rxg6 Nxf7 65. Rg7 Ke6 66. b5 Nd6 67. b6 e4 68. Rh7 d3+ 69. Ke3 c2 70. Rc7 Kd5 71. Kd2 Kd4 72. Rd7 e3+ 73. Kc1 Kc3 0-1

[Event "SRB-chT (Women)"]
[Site "Custica"]
[Date "2022.10.30"]
[Round "9.2"]
[White "Bojicic, Andjela"]
[Black "Vujcic, Milena"]
[Result "1-0"]
[WhiteElo "2117"]
[BlackElo "2029"]
[PlyCount "85"]
[EventDate "2022.10.22"]
[EventType "team-tourn"]
[EventRounds "11"]
[EventCountry "SRB"]
[SourceTitle "EXT 2024"]
[Source "ChessBase"]
[SourceDate "2023.10.10"]
[SourceVersion "1"]
[SourceVersionDate "2023.10.10"]
[SourceQuality "1"]
[WhiteTeam "Kac Jugovic (W)"]
[BlackTeam "Goracici Jelica (W)"]
[WhiteTeamCountry "SRB"]
[BlackTeamCountry "SRB"]

1. d4 Nf6 2. c4 g6 3. Nc3 Bg7 4. e4 d6 5. Be2 0-0 6. Be3 e5 7. d5 a5 8. h4 Na6 9. h5 Nc5 10. h6 Bh8 11. Qc2 Nfd7 12. g4 Bf6 13. Nh3 Nb6 14. 0-0-0 a4 15. Kb1 Be7 16. f3 Bd7 17. Qd2 f6 18. f4 Kh8 19. Rdf1 Qc8 20. Rhg1 Rf7 21. Bxc5 dxc5 22. fxe5 Rf8 23. e6 Be8 24. Qf4 Bd6 25. e5 g5 26. Nxg5 Bg6+ 27. Nge4 Bxe5 28. Qf3 a3 29. Bd3 axb2 30. Qe2 Nxc4 31. Bxc4 Bxc3 32. Bd3 Bd4 33. Rg3 Qb8 34. Bc2 Qa7 35. a3 Qa5 36. e7 Rfe8 37. Nxf6 Bxc2+ 38. Qxc2 Rxe7 39. Ne4 Qa6 40. Rgf3 Kg8 41. d6 cxd6 42. Qd2 d5 43. Qf4 1-0

[Event "SRB-chT (Women)"]
[Site "Custica"]
[Date "2022.10.22"]
[Round "1.4"]
[White "Milutinovic, Stefana"]
[Black "Bojicic, Andjela"]
[Result "1/2-1/2"]
[WhiteElo "2089"]
[BlackElo "2117"]
[PlyCount "92"]
[EventDate "2022.10.22"]
[EventType "team-tourn"]
[EventRounds "11"]
[EventCountry "SRB"]
[SourceTitle "EXT 2024"]
[Source "ChessBase"]
[SourceDate "2023.10.10"]
[SourceVersion "1"]
[SourceVersionDate "2023.10.10"]
[SourceQuality "1"]
[WhiteTeam "Belgrade Rad (W)"]
[BlackTeam "Kac Jugovic (W)"]
[WhiteTeamCountry "SRB"]
[BlackTeamCountry "SRB"]

1. c4 g6 2. Nc3 Bg7 3. g3 d6 4. Bg2 Nf6 5. d3 0-0 6. Nf3 Nc6 7. 0-0 e5 8. Rb1 a5 9. a3 Re8 10. b4 axb4 11. axb4 Be6 12. Ng5 Bc8 13. Nd5 h6 14. Nxf6+ Bxf6 15. Ne4 Bg7 16. b5 Ne7 17. Qb3 Be6 18. b6 c6 19. Qb4 Nc8 20. c5 Bf8 21. cxd6 Bf5 22. Nc5 Nxd6 23. Be3 Bc8 24. Qc3 Nf5 25. Rb4 Qd6 26. Rc4 Bg7 27. Ne4 Qd8 28. Rb1 Nd6 29. Nxd6 Qxd6 30. Qc1 Be6 31. Bc5 Qd7 32. Rc3 Bd5 33. e4 Be6 34. Be3 h5 35. Ra1 Ra2 36. Rxa2 Bxa2 37. Ra3 Be6 38. Ra7 Bf8 39. Qc3 c5 40. Ra5 Rc8 41. Qxe5 Qxd3 42. Bf1 Qb1 43. Qa1 Qxb6 44. Rb5 Qc7 45. Qb1 Rb8 46. Rb6 Ra8 1/2-1/2

[Event "SRB-ch sf (Women)"]
[Site "Paracin"]
[Date "2022.03.21"]
[Round "5"]
[White "Srdanovic, Jovana"]
[Black "Bojicic, Andjela"]
[Result "1/2-1/2"]
[WhiteElo "2194"]
[BlackElo "2152"]
[PlyCount "103"]
[EventDate "2022.03.17"]
[EventType "swiss"]
[EventRounds "7"]
[EventCountry "SRB"]
[SourceTitle "EXT 2023"]
[Source "ChessBase"]
[SourceDate "2022.10.05"]
[SourceVersion "1"]
[SourceVersionDate "2022.10.05"]
[SourceQuality "1"]

1. d4 g6 2. c4 Bg7 3. Nc3 d6 4. Nf3 Nf6 5. Bg5 h6 6. Bh4 g5 7. Bg3 Nh5 8. e3 e6 9. Nd2 Nxg3 10. hxg3 Nd7 11. Bd3 Nf6 12. Qc2 Bd7 13. 0-0-0 Qe7 14. Be2 c6 15. Qb3 b6 16. Rhe1 0-0 17. f4 d5 18. Nf3 Ng4 19. Bf1 f5 20. Ne5 Nxe5 21. dxe5 Be8 22. Kb1 Bf7 23. Rd2 Rfd8 24. Qc2 Rac8 25. cxd5 cxd5 26. Qb3 Be8 27. Rd4 Bf8 28. Qd1 g4 29. Ba6 Rb8 30. Bb5 Qb7 31. Bxe8 Rxe8 32. Rd3 a6 33. Ne2 Rbc8 34. Nd4 Bc5 35. Rh1 Kg7 36. Nb3 Re7 37. Qg1 a5 38. Qh2 Rh8 39. Rc1 Qa7 40. Qh4 Rf7 41. Rdc3 Rc8 42. Nd4 Qd7 43. Qh1 a4 44. Qf1 Rff8 45. Qb5 Qe8 46. Qxe8 Rfxe8 47. Nb5 Re7 48. Nd4 Kf7 49. Rh1 Kg7 50. Rhc1 Kf7 51. b4 axb3 52. Nxb3 1/2-1/2

[Event "SRB-ch sf (Women)"]
[Site "Paracin"]
[Date "2022.03.18"]
[Round "2"]
[White "Chelushkina, Irina"]
[Black "Bojicic, Andjela"]
[Result "1/2-1/2"]
[WhiteElo "2183"]
[BlackElo "2152"]
[PlyCount "143"]
[EventDate "2022.03.17"]
[EventType "swiss"]
[EventRounds "7"]
[EventCountry "SRB"]
[SourceTitle "EXT 2023"]
[Source "ChessBase"]
[SourceDate "2022.10.05"]
[SourceVersion "1"]
[SourceVersionDate "2022.10.05"]
[SourceQuality "1"]

1. g3 Nf6 2. Bg2 g6 3. e4 d6 4. d4 Bg7 5. Nc3 0-0 6. h3 Nbd7 7. Nge2 e5 8. 0-0 exd4 9. Nxd4 Nc5 10. Nb3 Ncd7 11. a4 a5 12. Re1 Ne8 13. Be3 Ne5 14. Nd2 Be6 15. Nd5 c6 16. Nf4 Bc4 17. b3 Ba6 18. Rb1 Qc7 19. c4 Nf6 20. Qc2 Rfe8 21. Rbd1 Rad8 22. Nb1 b6 23. Nc3 Bb7 24. Nfe2 Ned7 25. g4 Nc5 26. Ng3 Nfd7 27. Nce2 Nf8 28. Bd4 Nfe6 29. Bxg7 Nxg7 30. f4 f6 31. Qc3 Qf7 32. Rd2 Rd7 33. Red1 Red8 34. Nd4 Nge6 35. Nde2 Ng7 36. Qf3 Qe7 37. h4 h6 38. Nd4 Kh7 39. h5 g5 40. Ngf5 Nxf5 41. Nxf5 Qe6 42. fxg5 fxg5 43. Nd4 Qe5 44. Qf5+ Qxf5 45. exf5 d5 46. cxd5 cxd5 47. Re2 Ne4 48. Rc1 Re8 49. Ne6 Kg8 50. Rec2 Kf7 51. Rc7 Ree7 52. Rxb7 Rxb7 53. Nd8+ Kf6 54. Nxb7 Rxb7 55. Rc6+ Ke5 56. Rxh6 Nf6 57. Rg6 Nxg4 58. Rxg5 Kf4 59. Rxg4+ Kxg4 60. Bxd5 Rd7 61. Be6 Rd1+ 62. Kf2 Kxh5 63. f6 Kg6 64. f7 Rd8 65. Ke3 Kf6 66. Bc4 Ke7 67. Ke4 Rc8 68. Kd4 Kd6 69. Bd5 Rh8 70. Bc4 Rc8 71. Bd5 Rh8 72. Bc4 1/2-1/2

[Event "SRB-ch U18 Girls"]
[Site "Novi Sad"]
[Date "2021.08.08"]
[Round "9"]
[White "Bojicic, Andjela"]
[Black "Radenkovic, Mila"]
[Result "1-0"]
[WhiteElo "2189"]
[BlackElo "1760"]
[PlyCount "77"]
[EventDate "2021.08.03"]
[EventType "tourn"]
[EventRounds "9"]
[EventCountry "SRB"]
[SourceTitle "EXT 2022"]
[Source "ChessBase"]
[SourceDate "2021.10.06"]
[SourceVersion "1"]
[SourceVersionDate "2021.10.06"]
[SourceQuality "1"]

1. d4 d6 2. c4 g6 3. Nc3 Bg7 4. e4 Nd7 5. f3 Ngf6 6. Be3 0-0 7. Qd2 e5 8. d5 a5 9. Bd3 Nc5 10. Bc2 Ne8 11. Nge2 b6 12. 0-0-0 Qe7 13. h4 f5 14. Bg5 Qf7 15. exf5 Bxf5 16. Ng3 Bxc2 17. Qxc2 Bf6 18. Be3 Qe7 19. Nge4 Nxe4 20. Nxe4 Ng7 21. g4 Qf7 22. h5 Be7 23. Rh3 Ne8 24. hxg6 Qxg6 25. Rdh1 Rf7 26. Rh6 Qg7 27. g5 Rxf3 28. Qe2 Rf7 29. g6 hxg6 30. Qh2 Bf6 31. Nxf6+ Rxf6 32. Rh8+ Kf7 33. Rh7 Rf5 34. Rxg7+ Nxg7 35. Qg2 Nh5 36. Rf1 Ng7 37. Rg1 g5 38. Bxg5 Rf8 39. Bh6 1-0

[Event "SRB-ch U18 Girls"]
[Site "Novi Sad"]
[Date "2021.08.07"]
[Round "7"]
[White "Srdanovic, Jovana"]
[Black "Bojicic, Andjela"]
[Result "1-0"]
[WhiteElo "2099"]
[BlackElo "2189"]
[PlyCount "69"]
[EventDate "2021.08.03"]
[EventType "tourn"]
[EventRounds "9"]
[EventCountry "SRB"]
[SourceTitle "EXT 2022"]
[Source "ChessBase"]
[SourceDate "2021.10.06"]
[SourceVersion "1"]
[SourceVersionDate "2021.10.06"]
[SourceQuality "1"]

1. d4 e6 2. c4 b6 3. a3 Bb7 4. Nc3 d5 5. cxd5 exd5 6. Nf3 Nf6 7. Bg5 Be7 8. e3 0-0 9. Rc1 c5 10. Be2 Nbd7 11. 0-0 Ne4 12. Bxe7 Qxe7 13. dxc5 Nxc3 14. Rxc3 bxc5 15. b4 Rfc8 16. bxc5 Nxc5 17. Nd4 Ne6 18. Rb3 Rab8 19. h3 g6 20. Qa1 Nc5 21. Rb4 Qe5 22. Qb1 Ba6 23. Rc1 Bxe2 24. Rxc5 Bc4 25. Nc6 Rxb4 26. axb4 Rxc6 27. Rxc6 a6 28. Rc8+ Kg7 29. Qd1 Qe7 30. Qd4+ Kh6 31. Rg8 f5 32. Qf4+ Qg5 33. Qe5 Kh5 34. Rh8 h6 35. Kh2 1-0

[Event "Vojvodina op 11th"]
[Site "Novi Sad"]
[Date "2021.07.27"]
[Round "4"]
[White "Bojicic, Andjela"]
[Black "Pantovic, Dragan M"]
[Result "1/2-1/2"]
[WhiteElo "2189"]
[BlackElo "2046"]
[PlyCount "66"]
[EventDate "2021.07.25"]
[EventType "swiss"]
[EventRounds "9"]
[EventCountry "SRB"]
[SourceTitle "CBM 203 Extra"]
[Source "ChessBase"]
[SourceDate "2021.09.30"]
[SourceVersion "1"]
[SourceVersionDate "2021.09.30"]
[SourceQuality "1"]

1. d4 Nf6 2. c4 g6 3. Nc3 Bg7 4. e4 d6 5. f3 a6 6. Be3 c6 7. Qd2 b5 8. 0-0-0 Qa5 9. e5 b4 10. exf6 bxc3 11. fxg7 cxd2+ 12. Bxd2 Qxd2+ 13. Rxd2 Rg8 14. Bd3 Rxg7 15. Ne2 Nd7 16. Nc3 Bb7 17. Re1 f5 18. Bc2 e5 19. dxe5 dxe5 20. c5 0-0-0 21. b4 Re7 22. Red1 Rde8 23. Rd6 Kc7 24. h4 Bc8 25. Ba4 Nb8 26. Kd2 Rd8 27. Ke3 Red7 28. Rxd7+ Rxd7 29. Rxd7+ Kxd7 30. g3 Ke7 31. Bc2 h6 32. f4 Kf6 33. Bd3 g5 1/2-1/2

[Event "SRB-chT (Women)"]
[Site "Valjevo"]
[Date "2020.09.28"]
[Round "5.1"]
[White "Bojicic, Andjela"]
[Black "Prudnikova, Svetlana"]
[Result "1/2-1/2"]
[WhiteElo "2176"]
[BlackElo "2216"]
[PlyCount "60"]
[EventDate "2020.09.25"]
[EventType "team-tourn"]
[EventRounds "11"]
[EventCountry "SRB"]
[SourceTitle "CBM 198 Extra"]
[Source "ChessBase"]
[SourceDate "2020.11.30"]
[SourceVersion "1"]
[SourceVersionDate "2020.11.30"]
[SourceQuality "1"]
[WhiteTeam "N Varos Zlatar (W)"]
[BlackTeam "Rudovci Radnicki (W)"]
[WhiteTeamCountry "SRB"]
[BlackTeamCountry "SRB"]

1. d4 Nf6 2. c4 c5 3. d5 e6 4. Nc3 exd5 5. cxd5 d6 6. Nf3 g6 7. Bf4 Bg7 8. h3 0-0 9. e3 a6 10. a4 Qe7 11. Be2 Nbd7 12. 0-0 Nh5 13. Bh2 f5 14. Nd2 Nhf6 15. Nc4 Ne8 16. a5 Rb8 17. Na4 Ne5 18. Nab6 Nxc4 19. Nxc4 Bd7 20. Rb1 Bb5 21. b4 cxb4 22. Rxb4 Bc3 23. Rb1 Bxc4 24. Bxc4 Rc8 25. Qb3 Qc7 26. Be2 Bxa5 27. e4 b5 28. Qb2 Nf6 29. e5 Ne4 30. exd6 Qd8 1/2-1/2

[Event "SRB-chT (Women)"]
[Site "Subotica"]
[Date "2019.08.31"]
[Round "10.4"]
[White "Djukic, Sandra"]
[Black "Bojicic, Andjela"]
[Result "1/2-1/2"]
[WhiteElo "2179"]
[BlackElo "2016"]
[PlyCount "81"]
[EventDate "2019.08.22"]
[EventType "team-tourn"]
[EventRounds "11"]
[EventCountry "SRB"]
[SourceTitle "EXT 2020"]
[Source "ChessBase"]
[SourceDate "2019.10.17"]
[SourceVersion "1"]
[SourceVersionDate "2019.10.17"]
[SourceQuality "1"]
[WhiteTeam "Rudovci Radnicki (W)"]
[BlackTeam "Nova Varos Zlatar (W)"]
[WhiteTeamCountry "SRB"]
[BlackTeamCountry "SRB"]

1. d4 Nf6 2. c4 g6 3. Nc3 Bg7 4. e4 d6 5. Nf3 0-0 6. Be2 e5 7. 0-0 Nc6 8. d5 Ne7 9. Kh1 Nh5 10. Ng1 Nf4 11. Bf3 f5 12. g3 fxe4 13. Nxe4 Nh3 14. Nxh3 Bxh3 15. Bg2 Bxg2+ 16. Kxg2 Nf5 17. Be3 Qe7 18. Qd3 b6 19. b4 a5 20. a3 a4 21. Rab1 Nd4 22. f3 h6 23. h4 Qf7 24. Bxd4 exd4 25. b5 Rfe8 26. Rbe1 Re7 27. Nf2 Rae8 28. Rxe7 Rxe7 29. Ne4 Qf5 30. Re1 Qe5 31. Rh1 Re8 32. Kf2 Qf5 33. Ke2 Be5 34. Kf2 Rf8 35. Kg2 Bg7 36. Nf2 Re8 37. Ne4 Rf8 38. Nf2 Re8 39. Ne4 Rf8 40. Qe2 Qe5 41. Qd3 1/2-1/2

[Event "SRB-chT (Women)"]
[Site "Subotica"]
[Date "2019.08.30"]
[Round "9.4"]
[White "Bojicic, Andjela"]
[Black "Tomin, Ksenija"]
[Result "1-0"]
[WhiteElo "2016"]
[BlackElo "2041"]
[PlyCount "121"]
[EventDate "2019.08.22"]
[EventType "team-tourn"]
[EventRounds "11"]
[EventCountry "SRB"]
[SourceTitle "EXT 2020"]
[Source "ChessBase"]
[SourceDate "2019.10.17"]
[SourceVersion "1"]
[SourceVersionDate "2019.10.17"]
[SourceQuality "1"]
[WhiteTeam "Nova Varos Zlatar (W)"]
[BlackTeam "Novi Sad Sah Kruzok (W)"]
[WhiteTeamCountry "SRB"]
[BlackTeamCountry "SRB"]

1. d4 Nf6 2. c4 g6 3. Nc3 Bg7 4. e4 d6 5. f3 0-0 6. Be3 a6 7. Qd2 Nc6 8. Nge2 Bd7 9. Nc1 Nh5 10. Nb3 a5 11. d5 Ne5 12. Nd4 f5 13. exf5 gxf5 14. Be2 f4 15. Bf2 Bh6 16. Qc2 Ng7 17. g4 c5 18. dxc6 bxc6 19. Ne4 c5 20. Nb5 Ne8 21. 0-0-0 Rb8 22. h4 Bg7 23. Nbc3 Nf7 24. Ng5 Nf6 25. Bd3 Ne5 26. Bxh7+ Kh8 27. Bd3 Qb6 28. Be2 Rb7 29. Nd5 Qxb2+ 30. Qxb2 Rxb2 31. Kxb2 Nxd5 32. Rxd5 Nxg4+ 33. Kc1 Nxf2 34. Rh2 Bd4 35. Rxd4 cxd4 36. Rxf2 Bf5 37. Ne4 Rc8 38. Kd2 Rb8 39. Bd3 a4 40. Kc1 Rg8 41. Kc2 Rg1 42. Nc5 dxc5 43. Bxf5 Rh1 44. Kd3 Kg7 45. Bg4 Rxh4 46. Ke4 Kf6 47. Kd5 e5 48. Kxc5 d3 49. Kd5 Rh8 50. Rd2 Rd8+ 51. Kc5 e4 52. fxe4 Ke5 53. Rd1 d2 54. Kb4 Kxe4 55. c5 Rd4+ 56. Kb5 Ke3 57. c6 f3 58. c7 Rxg4 59. c8Q Rg5+ 60. Kxa4 Rd5 61. Qe6+ 1-0

[Event "SRB-chT (Women)"]
[Site "Subotica"]
[Date "2019.08.24"]
[Round "3.3"]
[White "Eric, Jovana"]
[Black "Bojicic, Andjela"]
[Result "1/2-1/2"]
[WhiteElo "2270"]
[BlackElo "2016"]
[PlyCount "114"]
[EventDate "2019.08.22"]
[EventType "team-tourn"]
[EventRounds "11"]
[EventCountry "SRB"]
[SourceTitle "EXT 2020"]
[Source "ChessBase"]
[SourceDate "2019.10.17"]
[SourceVersion "1"]
[SourceVersionDate "2019.10.17"]
[SourceQuality "1"]
[WhiteTeam "Goracici Jelica (W)"]
[BlackTeam "Nova Varos Zlatar (W)"]
[WhiteTeamCountry "SRB"]
[BlackTeamCountry "SRB"]

1. e4 c5 2. Nf3 d6 3. Bb5+ Bd7 4. Bxd7+ Qxd7 5. 0-0 Nc6 6. c3 Nf6 7. Re1 e6 8. d4 cxd4 9. cxd4 d5 10. e5 Ne4 11. Nbd2 Nxd2 12. Bxd2 Be7 13. Rc1 0-0 14. Rc3 Rac8 15. a3 f6 16. exf6 Bxf6 17. Bf4 Qf7 18. Bg3 Ne7 19. Rb3 Nf5 20. Ne5 Bxe5 21. Bxe5 Rc4 22. Rf3 Qe7 23. Qd2 Rfc8 24. Qf4 Nh4 25. Rfe3 Nf5 26. Rh3 Rf8 27. Qd2 Rfc8 28. Rb3 Rc2 29. Qf4 b6 30. h3 Qh4 31. g4 Nh6 32. Bd6 Nf7 33. Rf3 Qf6 34. Qe3 Qg6 35. Be7 Re8 36. Qf4 h6 37. Bb4 Ng5 38. Rfe3 Ne4 39. R3e2 Rec8 40. Kg2 Qf7 41. Qxf7+ Kxf7 42. f3 Nf6 43. Kg3 Rxe2 44. Rxe2 Rc4 45. Bc3 a5 46. h4 Nd7 47. g5 h5 48. Re3 a4 49. Re1 g6 50. Kf2 Nb8 51. Ke3 Nc6 52. Kd3 Ne7 53. Rh1 Nf5 54. f4 Ke8 55. Rh2 Kd7 56. Rh1 Kc6 57. Rh2 Kd7 1/2-1/2

[Event "Veliko Gradiste Silver Lake op"]
[Site "Veliko Gradiste"]
[Date "2019.06.20"]
[Round "6"]
[White "Micic, Aleksa"]
[Black "Bojicic, Andjela"]
[Result "1/2-1/2"]
[WhiteElo "1926"]
[BlackElo "2065"]
[PlyCount "75"]
[EventDate "2019.06.16"]
[EventType "swiss"]
[EventRounds "9"]
[EventCountry "SRB"]
[SourceTitle "CBM 191 Extra"]
[Source "ChessBase"]
[SourceDate "2019.09.30"]
[SourceVersion "1"]
[SourceVersionDate "2019.09.30"]
[SourceQuality "1"]

1. e4 c5 2. Nf3 d6 3. d4 cxd4 4. Qxd4 Nc6 5. Qe3 Nf6 6. Be2 g6 7. 0-0 Bg7 8. Rd1 0-0 9. h3 Bd7 10. c4 Qc7 11. Nc3 Nb4 12. Rb1 Be6 13. b3 Na6 14. Bb2 Nc5 15. e5 dxe5 16. Nb5 Qc8 17. Bxe5 Ne8 18. Bxg7 Nxg7 19. Nfd4 a6 20. Nc3 Nd7 21. Nxe6 fxe6 22. Na4 Qe8 23. Bg4 Rf6 24. Rxd7 Qxd7 25. Nb6 Qe8 26. Nxa8 Qxa8 27. Rd1 Kf7 28. Qc5 h5 29. Bf3 Rxf3 30. gxf3 Qb8 31. Rd7 Nf5 32. Qc7 Qh8 33. Qf4 Qa1+ 34. Kg2 Qf6 35. Rd3 e5 36. Qh2 Qg5+ 37. Kh1 Qc1+ 38. Qg1 1/2-1/2